书目信息 |
| 题名: |
经济管理多元统计分析
|
|
| 作者: | 雷钦礼 著 | |
| 分册: | ||
| 出版信息: | 北京 中国统计出版社 2002 |
|
| 页数: | 253页 | |
| 开本: | 20cm | |
| 丛书名: | ||
| 单 册: | ||
| 中图分类: | F222.1 | |
| 科图分类: | ||
| 主题词: | 经济统计--多元分析 | |
| 电子资源: | ||
| ISBN: | 7-5037-3830-8 | |
| 000 | 00710nam0 2200217 450 | |
| 001 | 002221138 | |
| 005 | 20050906160544.98 | |
| 010 | @a7-5037-3830-8@dCNY16.00 | |
| 100 | @a20030103d2002 em y0chiy0110 ea | |
| 101 | 0 | @achi |
| 102 | @aCN@b110000 | |
| 105 | @ay z 000yy | |
| 200 | 1 | @a经济管理多元统计分析@Ajing ji guan li duo yuan tong ji fen xi@f雷钦礼著@Flei qin li zhu |
| 210 | @a北京@c中国统计出版社@d2002 | |
| 215 | @a253页@d20cm | |
| 330 | @a本书通过多元分布、聚类分析、判别分析、主成份分析、因子分析、典型相关分析介绍了经济管理多元统计分析。 | |
| 606 | 0 | @a经济统计@x多元分析 |
| 690 | @aF222.1@v4 | |
| 701 | 0 | @a雷钦礼@Alei qin li@4著 |
| 801 | 0 | @aCN@bTSSF@c20050906 |
| 905 | @a10447@dF222.1@e151 | |
| 经济管理多元统计分析/雷钦礼著.-北京:中国统计出版社,2002 |
| 253页;20cm |
| ISBN 7-5037-3830-8:CNY16.00 |
| 本书通过多元分布、聚类分析、判别分析、主成份分析、因子分析、典型相关分析介绍了经济管理多元统计分析。 |
| ● |
| 相关链接 |
|
|
|
|
正题名:经济管理多元统计分析
索取号:F222.1/151
 
预约/预借
| 序号 | 登录号 | 条形码 | 馆藏地/架位号 | 状态 | 备注 |
| 1 | 0360289 | 3602890 | 第一样本阅览室/ [索取号:F222.1/151] | 在馆 | |
| 2 | 0360290 | 3602907 | 第一借阅区/ [索取号:F222.1/151] | 在馆 | |
| 3 | 0360291 | 3602916 | 第一借阅区/ [索取号:F222.1/151] | 在馆 |